000 01117nam a2200313 c 4500
003 BLK
005 20190913121149.0
008 180911b bul|||||r ||||||| ||bul||
010 _a001650
040 _aBLK
041 _aBUL
080 _z886.7-1
100 1 _aМИНКОВ, Цветан и др.
_eпърви автор
245 0 0 _aНачало на българската поезия
246 _aИзбрани произведения с уводни и животописни бележки
_pлирика-стихотворения
260 _aСофия
_bФакел
_c1937
_fГутенберг
300 _a80 с
_c21 см
380 _a82
490 _aРодна кн
490 _aЧастна колекция - Академик Михаил Арнаудов
_gДарение - Основен фонд
653 _9
_aлирика
653 _9
_aстихотворения
650 _aПоезия
655 _aбългарска литература
700 1 _aЦв. Минков
700 1 _a Еню Николов
852 _aМА 1009
942 _cKNG
_n0
944 _aCR
_c1996
_kValK
999 _c342017
_d342017